01635nam a2200433 i 450000100060000000300080000600500170001400600190003100700150005000800410006502000180010602000270012403500230015103500240017403500250019803500210022304000310024405000240027508000080029908200160030710000290032324501130035226400410046530000410050633600310054733700330057833800430061150400430065458801280069759001590082565000280098465000230101265000150103565000260105065500270107679700190110385600620112299900170118436498FlNmELB20241216221425.0m o d | cr cnu||||||||161213s2016 ag ob 000 0 spa d z9789870000000 a9781512932409 (e book) a(MiAaPQ)EBC4676050 a(Au-PeEL)EBL4676050 a(CaPaEBR)ebr11259601 a(OCoLC)984802492 aFINmELBbspaerdacFINmELB 4aLB1731.4bC238 2016 a3780 a371.1022231 aCapelari, Mirian Inés.13aEl rol del tutor en la universidad :bconfiguraciones, significados y prácticas /cMirian Inés Capelari. 1aBuenos Aires :bSB Editorial,c2016. a1 recurso en línea (222 páginas) atextobtxt2rdacontent/spa acomputadorabc2rdamedia/spa arecurso en líneabcr2rdacarrier/spa aContiene referencias bibliográficas. aDescripción basada en recurso en línea; Título de la página del título en PDF (e-libro, visto December 13, 2016). aRecurso electronico. Santa Fe, Arg. : e-libro, 2016. Disponible via World Wide Web. El acceso puede ser limitado para las bibliotecas afiliadas a e-libro. 0aMentoring in education. 0aEducation, Higher. 4aTutoría. 4aEnseñanza superior. 4aLibros electrónicos.2 ae-libro, Corp.40uhttps://elibro.net/ereader/politecnicointernacional/77103 c36498d36498